| 000 | 00554nam a22001697a 4500 | ||
|---|---|---|---|
| 008 | 161103b xxu||||| |||| 00| 0 eng d | ||
| 020 | _a8123905149 | ||
| 040 |
_aKABU _cKABU |
||
| 050 |
_aRS403 _b.B43 1988 P.2 C.1 |
||
| 245 |
_aPractical pharmaceutical chemistry _cedited by A. H. Beckett |
||
| 250 | _a4th ed. | ||
| 260 |
_aNew Delhi _bCBS publishers & distributors pvt ltd _c1988 |
||
| 300 | _a602 p. | ||
| 700 | _aBeckett, A. H. | ||
| 700 | _aStenlake, J. B. | ||
| 942 |
_2lcc _cBK _e4th ed. _hRS403 .B43 1988 P.2 C.1 |
||
| 999 |
_c16229 _d16229 |
||